[Event "O Pohár mìsta Øíèany 2015 - OPEN A"]
[Site "Øíèany"]
[Date "2015.08.23"]
[Round "3.20"]
[White "Parizek, Vojtech"]
[Black "Postupa, Pavel"]
[Result "0-1"]
[WhiteElo "1886"]
[BlackElo "2002"]
[PlyCount "0"]
[EventDate "2015.08.22"]

1. e4 c5 2. Nf3 e6 3. d4 cxd4 4. Nxd4 Nc6 5. g3 d5 6. Bg2 dxe4 7. Nxc6 Qxd1+
8. Kxd1 bxc6 9. Bxe4 Bb7 10. Nc3 Nf6 11. Bf3 h5 12. h3 O-O-O+ 13. Ke2 Ba6+
14. Ke1 Nd5 15. Nxd5 exd5 16. Be3 g6 17. Bxa7 c5 18. Bb6 Rd6 19. Ba5 Bg7 20. Rb1
Re8+ 21. Kd2 Rf6 22. Bxd5 Rd6 23. b4 Rxd5+ 24. Kc1 Re2 25. b5 Bb7 26. f4 c4
27. Re1 Rxe1+ 28. Bxe1 c3 29. Rb4 Rc5 30. a4 Bf3 31. Kb1 Kb8 32. Ka2 Bd5+
33. Kb1 Rc7 34. Ka1 Re7 35. Rb1 Re4 0-1

[Event "O Pohár mìsta Øíèany 2015 - OPEN A"]
[Site "Øíèany"]
[Date "2015.08.23"]
[Round "3.21"]
[White "Petrun, Milan"]
[Black "Danhel, Lukas"]
[Result "1/2-1/2"]
[WhiteElo "1991"]
[BlackElo "1807"]
[PlyCount "0"]
[EventDate "2015.08.22"]

1. Nf3 c5 2. c4 g6 3. Nc3 Bg7 4. g3 e6 5. Bg2 Ne7 6. O-O O-O 7. d3 Nbc6 8. Bg5
h6 9. Bd2 d5 10. cxd5 exd5 11. Qc1 Kh7 12. Na4 b6 13. Bc3 Be6 14. Bxg7 Kxg7
15. d4 c4 16. Nc3 Rc8 17. Qd2 a6 18. Rad1 f6 19. Rfe1 Bf7 20. Bh3 Rb8 21. a3 Re8
22. e4 dxe4 23. Rxe4 Nd5 24. Rxe8 Qxe8 25. Re1 Nce7 26. Ne4 Qd8 27. Qe2 Qc7
28. Nh4 Rd8 29. Rc1 Nf4 30. gxf4 Qxf4 31. Qe3 Qxh4 32. Nc3 Rxd4 33. Bg2 Nf5
34. Qe1 Qf4 35. Ne2 Qg5 36. Nxd4 Nxd4 37. Rc3 Qe5 38. Qxe5 fxe5 39. Kf1 a5
40. Ke1 b5 41. Kd2 Kf6 42. Be4 Ke6 43. Rg3 g5 44. h4 gxh4 45. Rh3 b4 46. Rxh4 h5
47. Rh1 Nb5 48. axb4 axb4 49. Bf3 c3+ 50. bxc3 bxc3+ 51. Kc1 Nd4 52. Bxh5 Bxh5
53. Rxh5 Kd6 54. Kd1 Ke6 55. Rh3 c2+ 56. Kd2 Kd5 57. Re3 Kc4 58. Rc3+ Kd5
59. Re3 Kc4 60. Rc3+ Kd5 61. Ra3 Ke4 62. Re3+ Kd5 63. Ra3 1/2-1/2

[Event "O Pohár mìsta Øíèany 2015 - OPEN A"]
[Site "Øíèany"]
[Date "2015.08.23"]
[Round "3.22"]
[White "Petras, Milan"]
[Black "Sedivy, Ondrej"]
[Result "1-0"]
[WhiteElo "1968"]
[BlackElo "1791"]
[PlyCount "0"]
[EventDate "2015.08.22"]

1. e4 e6 2. d3 d5 3. Nd2 c5 4. Ngf3 d4 5. g3 Nc6 6. Bg2 Nf6 7. O-O Be7 8. Re1
e5 9. Nf1 O-O 10. h3 b5 11. a4 b4 12. g4 Be6 13. b3 Qc8 14. Ng3 g6 15. Nh2 Ne8
16. f4 f6 17. f5 Bd7 18. h4 gxf5 19. exf5 Kh8 20. Bh6 Ng7 21. Be4 Re8 22. Rf1
Rb8 23. g5 Nd8 24. Bxg7+ Kxg7 25. Qh5 Nf7 26. g6 hxg6 27. Qxg6+ Kf8 28. Bd5 1-0

[Event "O Pohár mìsta Øíèany 2015 - OPEN A"]
[Site "Øíèany"]
[Date "2015.08.23"]
[Round "3.23"]
[White "Zizka, Petr"]
[Black "Picek, Miroslav"]
[Result "1-0"]
[WhiteElo "1886"]
[BlackElo "1966"]
[PlyCount "0"]
[EventDate "2015.08.22"]

1. b3 e5 2. Bb2 Nc6 3. e3 d5 4. Bb5 Bd6 5. f4 Qe7 6. Nf3 Bg4 7. O-O Nf6 8. fxe5
Bxf3 9. exd6 Bxd1 10. dxe7 Bxc2 11. Bxc6+ bxc6 12. Bxf6 gxf6 13. Rxf6 Kd7
14. Rxf7 Rae8 15. Na3 Bg6 16. Rf6 Be4 17. Rc1 Rhg8 18. g3 Rg6 19. Rcxc6 d4
20. Rxg6 Bxc6 21. Rg7 dxe3 22. dxe3 Be4 23. Nc4 Ke6 24. Rg5 Kf6 25. Ra5 Rxe7
26. Rxa7 Ke6 27. Ra6+ Kf5 28. Kf2 Kg4 29. Rf6 Bb1 30. Nd2 Bc2 31. Rc6 Bd3
32. Rc5 Ba6 33. Kg2 1-0

[Event "O Pohár mìsta Øíèany 2015 - OPEN A"]
[Site "Øíèany"]
[Date "2015.08.23"]
[Round "3.24"]
[White "Hradecky, Ivo"]
[Black "Nemcova, Kamila"]
[Result "1-0"]
[WhiteElo "1965"]
[BlackElo "1731"]
[PlyCount "0"]
[EventDate "2015.08.22"]

1. d4 d5 2. c4 c6 3. Nc3 Nf6 4. e3 Bf5 5. Nf3 e6 6. Nh4 Bg6 7. Nxg6 hxg6 8. Bd3
Nbd7 9. e4 dxc4 10. Bxc4 Nb6 11. Bb3 c5 12. Be3 cxd4 13. Qxd4 Qxd4 14. Bxd4 Bb4
15. O-O-O O-O 16. f3 Rac8 17. h4 Rfd8 18. g4 Bc5 19. Bxc5 Rxd1+ 20. Rxd1 Rxc5
21. Rd8+ Kh7 22. Rf8 Rc7 23. Kd2 a6 24. e5 Ng8 25. Ne4 Rd7+ 26. Ke2 Re7 27. Ng5+
1-0

[Event "O Pohár mìsta Øíèany 2015 - OPEN A"]
[Site "Øíèany"]
[Date "2015.08.23"]
[Round "3.25"]
[White "Mladek, Richard"]
[Black "Vorisek, Jakub"]
[Result "1-0"]
[WhiteElo "1960"]
[BlackElo "1692"]
[PlyCount "0"]
[EventDate "2015.08.22"]

1. e4 d5 2. exd5 Nf6 3. Bb5+ Bd7 4. Bxd7+ Qxd7 5. Nf3 Nxd5 6. d4 g6 7. O-O Bg7
8. Re1 O-O 9. Nbd2 Nc6 10. c3 Rad8 11. Qb3 Qc8 12. Nc4 Rfe8 13. Bg5 h6 14. Bh4
g5 15. Bg3 Nb6 16. Nce5 Nxe5 17. Bxe5 Kf8 18. Rac1 f6 19. Bg3 Nd7 20. d5 c6
21. Nd4 Nc5 22. Qa3 cxd5 23. Qxc5 1-0

[Event "O Pohár mìsta Øíèany 2015 - OPEN A"]
[Site "Øíèany"]
[Date "2015.08.23"]
[Round "3.26"]
[White "Stojkovic, Andrea"]
[Black "Skala, Jaromir"]
[Result "1/2-1/2"]
[WhiteElo "1872"]
[BlackElo "1959"]
[PlyCount "0"]
[EventDate "2015.08.22"]

1. e4 e5 2. Nf3 Nc6 3. Bc4 Nf6 4. d3 Be7 5. O-O O-O 6. a4 d5 7. exd5 Nxd5 8. a5
Kh8 9. a6 f5 10. Re1 Bf6 11. c3 bxa6 12. Bxa6 Bxa6 13. Rxa6 Qd7 14. Qa4 Nb6
15. Qb5 Nb8 16. Qxd7 N8xd7 17. d4 e4 18. Ng5 Rfe8 19. Nh3 c5 20. Be3 cxd4
21. cxd4 Nd5 22. Nc3 Nb4 23. Ra5 Nd3 24. Rea1 f4 25. Nxf4 Nxf4 26. Bxf4 Bxd4
27. Rd5 Be5 28. Bxe5 Nxe5 29. Nxe4 Nc4 30. Nd6 Nxd6 31. Rxd6 Re2 32. Rad1 Rf8
33. R6d2 Rxd2 34. Rxd2 Rb8 35. Rd7 Kg8 36. Rxa7 Rxb2 37. g3 Rc2 38. Kg2 Rb2
39. h4 Rc2 40. g4 Rb2 41. Kg3 Rb3+ 42. f3 Rc3 43. g5 Rc6 44. h5 g6 45. h6 Rc8
46. Rg7+ Kh8 47. Re7 Rf8 48. f4 Kg8 49. Kf3 Ra8 50. Rg7+ Kh8 51. Re7 Kg8
52. Rg7+ Kh8 53. Re7 Kg8 1/2-1/2

[Event "O Pohár mìsta Øíèany 2015 - OPEN A"]
[Site "Øíèany"]
[Date "2015.08.23"]
[Round "3.27"]
[White "Kunc, Jan"]
[Black "Maly, Filip"]
[Result "0-1"]
[WhiteElo "1685"]
[BlackElo "1932"]
[PlyCount "0"]
[EventDate "2015.08.22"]

1. e4 c5 2. Nf3 d6 3. d4 cxd4 4. Nxd4 Nf6 5. Nc3 a6 6. Be3 e5 7. Nb3 Be7 8. f3
O-O 9. Qd2 Nbd7 10. g4 b5 11. O-O-O Bb7 12. h4 Qc7 13. h5 Rfc8 14. g5 b4 15. Ne2
Nxe4 16. Qd3 Ndc5 17. Nxc5 Nxc5 18. Qd2 b3 19. Kb1 bxc2+ 20. Qxc2 Bxf3 21. Rh4
d5 22. Ka1 d4 0-1

[Event "O Pohár mìsta Øíèany 2015 - OPEN A"]
[Site "Øíèany"]
[Date "2015.08.23"]
[Round "3.28"]
[White "Pribyl, Jaroslav"]
[Black "Palla, Ivan"]
[Result "1-0"]
[WhiteElo "1928"]
[BlackElo "1556"]
[PlyCount "0"]
[EventDate "2015.08.22"]

1. d4 f5 2. Nf3 Nf6 3. g3 e6 4. Bg2 c5 5. c4 cxd4 6. Nxd4 Nc6 7. O-O Bc5 8. Nb3
Be7 9. Nc3 a6 10. e4 g6 11. exf5 gxf5 12. Bf3 Ne5 13. Be2 d5 14. cxd5 exd5
15. Bh5+ Kf8 16. Nd4 Neg4 17. Bxg4 fxg4 18. Bh6+ Kf7 19. f3 Rg8 20. fxg4 Bxg4
21. Qd2 1-0

[Event "O Pohár mìsta Øíèany 2015 - OPEN A"]
[Site "Øíèany"]
[Date "2015.08.23"]
[Round "3.29"]
[White "Voracek, Zdenek"]
[Black "Korsa, Jiri"]
[Result "1-0"]
[WhiteElo "2026"]
[BlackElo "1844"]
[PlyCount "0"]
[EventDate "2015.08.22"]

1. d4 Nf6 2. c4 g6 3. Nc3 Bg7 4. e4 d6 5. f3 O-O 6. Be3 Nbd7 7. Bd3 e5 8. Nge2
c6 9. Qd2 a6 10. O-O Nh5 11. Rad1 Nf4 12. Bxf4 exf4 13. Qxf4 Qb6 14. Qxd6 Be5
15. Qa3 Bxd4+ 16. Nxd4 Qxd4+ 17. Kh1 Ne5 18. Be2 Qe3 19. Qd6 f6 20. h3 1-0

[Event "O Pohár mìsta Øíèany 2015 - OPEN A"]
[Site "Øíèany"]
[Date "2015.08.23"]
[Round "3.30"]
[White "Kolasin, Jan"]
[Black "Helebrand, Frantisek"]
[Result "0-1"]
[WhiteElo "2001"]
[BlackElo "1841"]
[PlyCount "0"]
[EventDate "2015.08.22"]

1. e4 e6 2. Nf3 d5 3. e5 Ne7 4. d4 c5 5. c3 Nbc6 6. Bd3 Qb6 7. Bc2 cxd4 8. cxd4
Nf5 9. Bxf5 exf5 10. O-O Be7 11. Nc3 Be6 12. a3 O-O 13. b4 Rac8 14. Na4 Qc7
15. Nc5 b6 16. Nxe6 fxe6 17. Bg5 Qd8 18. h4 h6 19. Bxe7 Qxe7 20. Rc1 Rc7 21. Qd3
Rfc8 22. Rc2 Nxe5 23. Rxc7 Nxf3+ 24. Qxf3 Rxc7 25. Re1 Qxh4 26. Qe3 Re7 27. g3
Qf6 28. Qc3 Qf7 29. Qc6 f4 30. Qd6 fxg3 31. fxg3 Qf6 32. Qd8+ Kh7 33. Rf1 Qxd4+
34. Kg2 Qe4+ 35. Kh3 Qe2 36. Rf8 Qh5+ 37. Kg2 Rf7 38. Rh8+ Kg6 39. Qe8 Qf3+
40. Kh2 Qf6 41. Rf8 d4 0-1

[Event "O Pohár mìsta Øíèany 2015 - OPEN A"]
[Site "Øíèany"]
[Date "2015.08.23"]
[Round "3.31"]
[White "Stork, Rostislav"]
[Black "Koper, Stefan"]
[Result "1-0"]
[WhiteElo "1812"]
[BlackElo "1991"]
[PlyCount "0"]
[EventDate "2015.08.22"]

1. e4 c6 2. d4 Na6 3. c4 e6 4. Nc3 d6 5. Nf3 Nc7 6. Be2 Ne7 7. O-O d5 8. Bf4
Ng6 9. Bxc7 Qxc7 10. cxd5 Be7 11. dxe6 fxe6 12. d5 O-O 13. dxc6 bxc6 14. Bc4 Kh8
15. Qc2 Qa5 16. Ne2 Qh5 17. Nfd4 Bd6 18. Ng3 Qc5 19. Nde2 h5 20. Bd3 Qxc2
21. Bxc2 Ba6 22. Rfe1 h4 23. Nh1 Rab8 24. Bb3 Be5 25. Nc3 Nf4 26. f3 Bd4+
27. Nf2 Bxf2+ 28. Kxf2 Nd3+ 29. Ke3 Nxe1 30. Rxe1 Rf6 31. Na4 Rg6 32. Kf2 Bc8
33. Rd1 Ba6 34. Rd6 Kh7 35. Nc5 Bc8 36. Rxc6 e5 37. Rc7 a5 38. Nd3 Rd6 39. Bd5
Ba6 40. Nxe5 Rxb2+ 41. Ke3 Re2+ 42. Kf4 Rf6+ 43. Kg5 Rxg2+ 44. Ng4 Rf8 45. Kxh4
Rxf3 46. e5 Rxg4+ 47. Kxg4 Rf8 48. e6 Kg6 49. e7 Be2+ 50. Kg3 Rh8 51. Be6 Kf6
52. e8=Q 1-0

[Event "O Pohár mìsta Øíèany 2015 - OPEN A"]
[Site "Øíèany"]
[Date "2015.08.23"]
[Round "3.32"]
[White "Halla, Jiri"]
[Black "Kovar, Jan"]
[Result "0-1"]
[WhiteElo "1839"]
[BlackElo "1930"]
[PlyCount "0"]
[EventDate "2015.08.22"]

1. b3 e5 2. Bb2 Nc6 3. e3 Nf6 4. Bb5 d6 5. d4 exd4 6. Bxc6+ bxc6 7. Qxd4 Be7
8. c4 O-O 9. Ne2 Ne8 10. Qf4 Bf6 11. Bxf6 Nxf6 12. Nbc3 c5 13. Ne4 Nxe4 14. Qxe4
Bd7 15. Qh4 f6 16. h3 {hodnì špatný zápis dále} 0-1

[Event "O Pohár mìsta Øíèany 2015 - OPEN A"]
[Site "Øíèany"]
[Date "2015.08.23"]
[Round "3.33"]
[White "Franek, Jan"]
[Black "Otruba, Marek"]
[Result "1/2-1/2"]
[WhiteElo "1914"]
[BlackElo "1629"]
[PlyCount "0"]
[EventDate "2015.08.22"]

1. e4 e6 2. Nf3 d5 3. e5 c5 4. b4 b6 5. d4 cxd4 6. Qxd4 Nc6 7. Qg4 Bxb4+ 8. c3
Bf8 9. Bd3 Qc7 10. O-O Nge7 11. Nd4 Ng6 12. f4 Bc5 13. Be3 O-O 14. Nd2 a5
15. N2b3 Nxd4 16. cxd4 Ba3 17. Qe2 Qa7 18. g4 Ba6 19. f5 Bxd3 20. Qxd3 1/2-1/2

[Event "O Pohár mìsta Øíèany 2015 - OPEN A"]
[Site "Øíèany"]
[Date "2015.08.23"]
[Round "3.34"]
[White "Zlamana, Anna"]
[Black "Tvrdy, Jindrich"]
[Result "1/2-1/2"]
[WhiteElo "1692"]
[BlackElo "1885"]
[PlyCount "0"]
[EventDate "2015.08.22"]

1. e4 d6 2. d4 Nf6 3. Nc3 g6 4. f4 Bg7 5. Nf3 c5 6. e5 dxe5 7. fxe5 Nd5 8. dxc5
Nxc3 9. Qxd8+ Kxd8 10. bxc3 Nd7 11. Bf4 Nxc5 12. O-O-O+ Ke8 13. Rd5 b6 14. Bb5+
Bd7 15. Bxd7+ Nxd7 16. Rhd1 Nc5 17. Nd4 Ne6 18. Nxe6 fxe6 19. Rd7 Rf8 20. Bg3
Kf7 21. Rb7 Rfb8 22. Rdd7 Rxb7 23. Rxb7 Ke8 24. Bh4 Bf8 25. Rc7 Kd8 26. Rc4 Rc8
27. Ra4 Rc7 28. Kd2 Bh6+ 29. Kd3 Bg7 30. Bg3 Rd7+ 31. Rd4 Kc7 32. Kc4 Kc6
33. Rxd7 Kxd7 34. Kb5 Kc7 35. Ka6 Kb8 36. c4 Bh6 37. h3 Be3 38. a4 Bd4 39. a5
Kc7 40. axb6+ Bxb6 41. Kb5 a6+ 42. Kxa6 Kc6 43. c3 Be3 44. Ka5 Kc5 45. Bh4 Kxc4
46. Bxe7 Bd2 47. Ka4 Bxc3 48. Bf6 Kd5 49. Kb3 Bxe5 50. Bg5 Ke4 51. Kc2 Bf4
52. Bh4 Ke3 53. Kd1 g5 54. Be1 h6 55. h4 Kd3 56. hxg5 hxg5 57. Bf2 e5 58. Ke1 g4
59. Kf1 g3 60. Be1 e4 61. Ba5 Be5 62. Bb6 Bf4 63. Bc5 Kd2 64. Bb4+ Kd1 65. Bc5
Be5 66. Bb6 Kc2 1/2-1/2

[Event "O Pohár mìsta Øíèany 2015 - OPEN A"]
[Site "Øíèany"]
[Date "2015.08.23"]
[Round "3.35"]
[White "Rastocny, Josef"]
[Black "Havelka, Petr"]
[Result "1/2-1/2"]
[WhiteElo "1860"]
[BlackElo "1817"]
[PlyCount "0"]
[EventDate "2015.08.22"]

1. d4 d5 2. c4 e6 3. Nc3 Nf6 4. Bg5 Be7 5. Nf3 O-O 6. e3 Nbd7 7. Rc1 dxc4
8. Bxc4 c5 9. O-O cxd4 10. Nxd4 Qa5 11. Bh4 Ne5 12. Be2 a6 13. Bg3 Ng6 14. Bf3
Rd8 15. Nb3 Qb6 16. Qc2 e5 17. Na4 Qb4 18. Nac5 Rb8 19. Rfd1 Rxd1+ 20. Rxd1 Bg4
21. Bxg4 Nxg4 22. h3 Nf6 23. Nd7 Nxd7 24. Rxd7 Re8 25. Rc7 Qb6 26. Rc8 Rd8
27. Rxd8+ Qxd8 1/2-1/2

[Event "O Pohár mìsta Øíèany 2015 - OPEN A"]
[Site "Øíèany"]
[Date "2015.08.23"]
[Round "3.36"]
[White "Hrbek, Stepan"]
[Black "Kindl, Frantisek"]
[Result "0-1"]
[WhiteElo "1683"]
[BlackElo "1847"]
[PlyCount "0"]
[EventDate "2015.08.22"]

1. d4 Nf6 2. c4 g6 3. Nc3 d5 4. g3 Bg7 5. Nf3 O-O 6. Bg2 dxc4 7. Qa4 Nc6
8. Qxc4 Be6 9. Qa4 a6 10. O-O b5 11. Qd1 Rb8 12. e3 Nd5 13. e4 Nxc3 14. bxc3 Bg4
15. h3 Bc8 16. Nd2 Bb7 17. f4 Nxd4 18. Kh2 Ne6 19. Qc2 Nc5 20. Re1 Qd3 21. Qxd3
Nxd3 22. Re3 Bxc3 23. Rb1 Rfd8 24. Nb3 Bg7 25. Na5 Ba8 26. Bd2 c5 27. a4 Nxf4
28. gxf4 Rxd2 29. axb5 axb5 30. Nc4 Rd4 31. Na3 b4 32. Nc2 Rd2 33. Ne1 Bd4
34. Reb3 Bxe4 35. Rc1 Ra8 36. Kh1 Bxg2+ 37. Nxg2 Raa2 38. Rg3 b3 39. Kh2 b2
40. Rb1 Ra1 41. Rxb2 Rxb2 42. Rf3 Raa2 43. Rg3 Rxg2+ 44. Rxg2 Rxg2+ 45. Kxg2 Kg7
46. Kf3 f5 0-1

[Event "O Pohár mìsta Øíèany 2015 - OPEN A"]
[Site "Øíèany"]
[Date "2015.08.23"]
[Round "3.37"]
[White "Hlavacek, Ondrej"]
[Black "Splichal, Petr"]
[Result "0-1"]
[WhiteElo "1668"]
[BlackElo "2009"]
[PlyCount "0"]
[EventDate "2015.08.22"]

1. d4 Nf6 2. c4 g6 3. Nc3 Bg7 4. e4 d6 5. Be3 O-O 6. f3 c5 7. d5 Nbd7 8. g4 Ne5
9. h4 e6 10. h5 exd5 11. cxd5 Re8 12. Qd2 a6 13. Bh6 Bh8 14. hxg6 fxg6 15. Bg5
Qc7 16. Qh2 b5 17. Be2 b4 18. Nd1 c4 19. Bd2 Rb8 20. Nh3 Nxd5 21. Ng5 Nf6
22. Rc1 d5 23. exd5 Nd3+ 24. Kf1 Qxh2 25. Rxh2 Nxc1 26. Bxc1 Bb7 27. Bxc4 Bxd5
28. Bxd5+ Nxd5 29. Nxh7 Rbc8 30. Bg5 Rc7 31. Rd2 Rd7 32. Ne3 Nxe3+ 0-1

[Event "O Pohár mìsta Øíèany 2015 - OPEN A"]
[Site "Øíèany"]
[Date "2015.08.23"]
[Round "3.38"]
[White "Macho, Miloslav"]
[Black "Chromovsky, Hynek"]
[Result "0-1"]
[WhiteElo "1922"]
[BlackElo "1768"]
[PlyCount "0"]
[EventDate "2015.08.22"]

1. e4 c5 2. Nf3 e6 3. d4 cxd4 4. Nxd4 a6 5. Be2 Qc7 6. O-O Nf6 7. Bf3 Nc6
8. Nxc6 bxc6 9. Re1 d5 10. exd5 cxd5 11. Bxd5 Nxd5 12. Qxd5 Bb7 13. Qh5 O-O-O
14. Be3 Rd5 15. Qe2 Bd6 16. g3 h5 17. Nd2 Kb8 18. Nc4 f6 19. Nxd6 Qxd6 20. Rad1
h4 21. f3 hxg3 22. hxg3 Qxg3+ 23. Qg2 Qh4 24. Bf2 Qh5 25. Bg3+ Ka8 26. Rxd5 Bxd5
27. Re3 Qf5 28. Ra3 Bc4 29. b3 Qc5+ 0-1

[Event "O Pohár mìsta Øíèany 2015 - OPEN A"]
[Site "Øíèany"]
[Date "2015.08.23"]
[Round "3.39"]
[White "Martinec, Karel"]
[Black "Barton, Milan"]
[Result "1-0"]
[WhiteElo "1897"]
[BlackElo "1750"]
[PlyCount "0"]
[EventDate "2015.08.22"]

1. Nf3 d5 2. d4 e6 3. c4 c6 4. Nc3 Bd6 5. e4 dxe4 6. Nxe4 Bb4+ 7. Bd2 Bxd2+
8. Qxd2 Nf6 9. Bd3 Nxe4 10. Bxe4 Nd7 11. O-O Nf6 12. Bc2 h6 13. Rad1 O-O
14. Rfe1 Qc7 15. h3 Rd8 16. Qe3 b6 17. Rd2 Bb7 18. Red1 Re8 19. Ne5 a6 20. b4 a5
21. a3 axb4 22. axb4 Ra2 23. Bh7+ Nxh7 24. Rxa2 f6 25. Nf3 Qd6 26. c5 bxc5
27. bxc5 Qd5 28. Ra7 Bc8 29. Rda1 Nf8 30. Rc7 Bd7 31. Raa7 Rc8 32. Rxc8 Bxc8
33. Qf4 Bd7 34. Qd6 Qxd6 35. cxd6 Kf7 36. Nd2 e5 37. dxe5 fxe5 38. Nc4 Ke6
39. Ra8 Ng6 40. Rg8 Kf7 41. Rd8 Be6 42. Na5 Bd5 43. Rc8 Nf4 44. Nxc6 Bxc6
45. Rxc6 Ke8 46. Rc7 1-0

[Event "O Pohár mìsta Øíèany 2015 - OPEN A"]
[Site "Øíèany"]
[Date "2015.08.23"]
[Round "3.40"]
[White "Novotny, Petr"]
[Black "Sadil, Jan"]
[Result "1/2-1/2"]
[WhiteElo "1826"]
[BlackElo "1734"]
[PlyCount "0"]
[EventDate "2015.08.22"]

1. e4 e5 2. Nf3 Nc6 3. Bb5 a6 4. Ba4 Nf6 5. O-O b5 6. Bb3 Bc5 7. d3 O-O 8. Bg5
h6 9. Bh4 g5 10. Bg3 d6 11. Nbd2 Kg7 12. c3 Nh7 13. Bd5 Bd7 14. Nb3 Bb6 15. d4
exd4 16. Nbxd4 Nxd4 17. Nxd4 Rb8 18. e5 dxe5 19. Bxe5+ f6 20. Bg3 Re8 21. Bf3
1/2-1/2

[Event "O Pohár mìsta Øíèany 2015 - OPEN A"]
[Site "Øíèany"]
[Date "2015.08.23"]
[Round "3.41"]
[White "Vlkova, Anezka"]
[Black "Pivonka, Michael"]
[Result "1-0"]
[WhiteElo "1564"]
[BlackElo "1800"]
[PlyCount "0"]
[EventDate "2015.08.22"]

1. e4 c5 2. Nc3 Nc6 3. g3 Nf6 4. Bg2 d6 5. f4 g6 6. Nf3 Bg7 7. d3 O-O 8. O-O
Ne8 9. Be3 Nd4 10. Rb1 Bg4 11. h3 Nxf3+ 12. Bxf3 Bxh3 13. Rf2 Bd7 14. Rh2 Qc8
15. Nd5 e6 16. Ne7+ 1-0

[Event "O Pohár mìsta Øíèany 2015 - OPEN A"]
[Site "Øíèany"]
[Date "2015.08.23"]
[Round "3.42"]
[White "Civin, Dominik"]
[Black "Havlicek, Pavel"]
[Result "1-0"]
[WhiteElo "1793"]
[BlackElo "1673"]
[PlyCount "0"]
[EventDate "2015.08.22"]

1. c4 Nf6 2. Nc3 b6 3. d3 e6 4. g3 Bb7 5. Nf3 Bc5 6. Bg2 h6 7. O-O O-O 8. b3 d6
9. a3 d5 10. e3 dxc4 11. bxc4 Be7 12. Qb3 Nc6 13. d4 Na5 14. Qa2 Rb8 15. Bd2 a6
16. Ne2 Nc6 17. Rab1 Ne4 18. Bb4 Nxb4 19. axb4 b5 20. c5 c6 21. Ne5 Qd5 22. Qc2
f5 23. Nf4 Qd8 24. Nxe6 1-0

[Event "O Pohár mìsta Øíèany 2015 - OPEN A"]
[Site "Øíèany"]
[Date "2015.08.23"]
[Round "3.43"]
[White "Skvaril, Michal"]
[Black "Chajda, Patrik"]
[Result "1/2-1/2"]
[WhiteElo "1785"]
[BlackElo "1647"]
[PlyCount "0"]
[EventDate "2015.08.22"]

1. e4 e6 2. d4 d5 3. Nd2 Be7 4. Bd3 Nf6 5. e5 Nfd7 6. f4 c5 7. c3 Nc6 8. Ne2
O-O 9. O-O f6 10. Nf3 Qb6 11. Kh1 cxd4 12. cxd4 Qd8 13. Bd2 Nb6 14. Rc1 Bd7
15. Ng3 f5 16. a3 a5 17. a4 Nb4 18. Bxb4 axb4 19. b3 Rc8 20. Qd2 Rc6 21. Ne2 Nc8
22. Rc2 Na7 23. Ra1 Qa5 24. Rca2 Rfc8 25. Ne1 R6c7 26. h3 Be8 27. g4 g6 28. Ng2
Bf8 29. Ne3 Rg7 30. Rg1 Rcc7 31. Raa1 Nc6 32. Bb5 Rce7 33. gxf5 gxf5 34. Rxg7+
Rxg7 35. Rg1 Bh5 36. Rxg7+ Bxg7 37. Ng1 Qb6 38. Nc2 Bf8 39. Be2 Bg6 40. Nf3 Na5
41. Qe3 Bh5 42. Nd2 Bxe2 43. Qxe2 Qc7 44. Qg2+ Kh8 45. Ne1 Qc3 46. Nef3 Bh6
47. Nf1 Nxb3 48. Ng5 Bxg5 49. Qxg5 Qc7 1/2-1/2

[Event "O Pohár mìsta Øíèany 2015 - OPEN A"]
[Site "Øíèany"]
[Date "2015.08.24"]
[Round "4.1"]
[White "Hollan, Martin"]
[Black "Plat, Vojtech"]
[Result "0-1"]
[WhiteElo "2180"]
[BlackElo "2458"]
[PlyCount "0"]
[EventDate "2015.08.22"]

1. e4 c5 {[%clk 1:30:13]} 2. Nf3 {[%clk 1:30:42]} 2... e6 {[%clk 1:30:37]}
3. d4 {[%clk 1:30:22]} 3... cxd4 {[%clk 1:31:00]} 4. Nxd4 {[%clk 1:30:45]}
4... Nc6 {[%clk 1:31:23]} 5. Nc3 {[%clk 1:30:10]} 5... a6 {[%clk 1:31:47]}
6. Nxc6 {[%clk 1:29:21]} 6... bxc6 {[%clk 1:32:11]} 7. Bd3 {[%clk 1:29:43]}
7... d5 {[%clk 1:32:36]} 8. O-O {[%clk 1:29:18]} 8... Bd6 {[%clk 1:32:53]}
9. Re1 {[%clk 1:27:46]} 9... Ne7 {[%clk 1:33:16]} 10. Qh5 {[%clk 1:25:32]}
10... Qc7 {[%clk 1:32:23]} 11. a3 {[%clk 1:18:27]} 11... Bb7 {[%clk 1:18:02]}
12. b4 {[%clk 1:09:07]} 12... e5 {[%clk 1:15:02]} 13. f4 {[%clk 0:58:36]}
13... O-O {[%clk 1:07:04]} 14. f5 {[%clk 0:29:53]} 14... f6 {[%clk 1:06:26]}
15. Re3 {[%clk 0:26:48]} 15... g6 {[%clk 1:02:55]} 16. Rg3 {[%clk 0:25:20]}
16... Rf7 {[%clk 0:58:49]} 17. Bh6 {[%clk 0:20:22]} 17... Rg7 {[%clk 0:53:06]}
18. Qe2 {[%clk 0:16:24]} 18... Bc8 {[%clk 0:42:55]} 19. Bxg7 {[%clk 0:11:42]}
19... Kxg7 {[%clk 0:43:21]} 20. Rf1 {[%clk 0:07:18]} 20... Bd7 {[%clk 0:36:59]}
21. Qf2 {[%clk 0:03:58]} 21... Rf8 {[%clk 0:35:46]} 22. Rf3 {[%clk 0:03:09]}
22... gxf5 {[%clk 0:35:29]} 23. g4 {[%clk 0:00:37]} 23... dxe4 {[%clk 0:33:17]}
24. Nxe4 {[%clk 0:00:33]} 24... f4 {[%clk 0:27:49]} 25. h3 {[%clk 0:00:37]}
25... f5 {[%clk 0:26:49]} 26. gxf5 {[%clk 0:00:55]} 26... Nxf5 {[%clk 0:26:52]}
27. Kh2 {[%clk 0:01:08]} 27... Kh8 {[%clk 0:25:35]} 28. Nxd6 {[%clk 0:00:58]}
28... Qxd6 {[%clk 0:24:20]} 29. Qc5 {[%clk 0:01:01]} 29... Qf6 {[%clk 0:21:44]}
30. Re1 {[%clk 0:01:16]} 30... Nh4 {[%clk 0:21:25]} 31. Rf2 {[%clk 0:01:08]}
31... Re8 {[%clk 0:20:40]} 32. Qc3 {[%clk 0:00:59]} 32... f3 {[%clk 0:20:15]}
33. Qd2 {[%clk 0:00:40]} 33... e4 {[%clk 0:14:57]} 34. Bxe4 {[%clk 0:00:37]}
34... Qe5+ {[%clk 0:15:04]} 35. Kh1 {[%clk 0:00:50]} 35... Bxh3 {[%clk 0:09:45]}
36. Qh6 {[%clk 0:00:59]} 36... Bg2+ {[%clk 0:10:10]} 37. Kg1 {[%clk 0:01:24]}
37... Nf5 {[%clk 0:10:19]} 38. Qxc6 {[%clk 0:00:37]} 38... Rg8 {[%clk 0:10:14]}
0-1